| 000 | 01486nas a2200301 454500 | ||
|---|---|---|---|
| 001 | 43719 | ||
| 005 | 20260407193511.0 | ||
| 008 | 260407s1964####ag###########|||spa#d | ||
| 003 | AR-UNSa-BCEJYS | ||
| 040 |
_aAR-UNSa-BCEJYS _bspa _cAR-UNSa-BCEJYS |
||
| 080 |
_a330 _xEconomía en general |
||
| 245 | 1 | 0 |
_aIMF Economic reviews _ppress information notices |
| 022 | _a1020-6779 | ||
| 264 | 1 |
_aWashington : _bFondo Monetario Internacional _c1964 |
|
| 310 | _aFrecuencia: Trimestral | ||
| 520 | _aLa Revista Económica del FMI (IMFER) es una revista científica revisada por pares publicada por Palgrave Macmillan en nombre del Fondo Monetario Internacional (FMI). La Revista Económica del FMI se centra en la macroeconomía de la economía abierta, pero también ofrece contenido sobre las políticas económicas mundiales, las finanzas internacionales y el comercio internacional. Su frecuencia de publicación actual es de cuatro números por año y su actual editor y co-editor son los economistas Pierre-Olivier Gourinchas y Ayhan Kose. | ||
| 041 | _aspa | ||
| 942 | _cSER | ||
| 590 | _aniveau_biblio:s niveau_hierar:1 | ||
| 100 | 1 | _aFondo Monetario Internacional | |
| 650 | _aPolítica económica | ||
| 650 | _aInvestigación económica | ||
| 650 | _aMacroeconomía | ||
| 650 | _aFINANZAS INTERNACIONALES | ||
| 650 | _aECONOMIA | ||
| 650 | _aECONOMIA INTERNACIONAL | ||
| 856 | 4 | 1 |
_uhttps://biblioeco.unsa.edu.ar/pmb/images/revistas/R21361.jpg _yImagen de portada _qimage/jpeg |
| 999 |
_c8908 _d8908 |
||